000 01255nam a22002777a 4500
005 20170724144819.0
010 _a1516EN07 B-593935 ENG-119326
020 _a9789351941033
_c395.00
035 _aB-593935
035 _aB-603869-883
035 _aB-667424
035 _aEN-102858
037 _bUBH
037 _bAakar/Ven
_adpl
082 _a920
100 _aMoro, Javier
245 _aThe red sari:
_cby Javier Moro; translated by Peter J. Hearn
_ba dramatized biography of Sonia Gandhi/
260 _aNew Delhi
_bRoli Books
_c2015
270 _aM-75, Greater Kailash II Market
_bNew Delhi
_e110048
_k+91(011)29217185
_minfo@rolibooks.com
300 _a429p
_c22cm(pbk)
700 _d Hearn, Peter J.
942 _2ddc
_cEN
_h920
_mMOR
999 _c92278
_d92278